00347nam a2200097Ia 4500008004100000020001900041100004300060245002300103999001900126952010400145211105s9999 xx 000 0 und d a9780446695510" aMEYER, Joyce ** New York, 20059117174 0aApproval addiction c578073d578072 00104070aERMELLbERMELLd2021-11-08g60.00l0o248.4 MEYEp3300302411996r2021-11-08w2021-11-08